000 00511nam a2200181Ia 4500
005 20250508154956.0
008 008 250505s9999 xx 000 0 eng d
037 _aTextual
040 _aFEDL
_beng
_cFEDL
041 _aeng
_2eng
084 _aB, MON
_qFEDL
100 _aStark W
_977785
245 0 _aMontesquieu: Pioneer of the sociology of knowledge
260 _aLondon, UK
_bRoutledge and Kegan Paul Ltd
_c1960
300 _axii,214p.
942 _cTEXL
_hB, MON
999 _c1353229
_d1353229